|
|
|
|
| LEADER |
00000nab a2200000 a 4500 |
| 001 |
vtls000899141 |
| 003 |
SK-MaSNL |
| 005 |
20260302174915.0 |
| 008 |
040720e19981126xo 0 slo |
| 035 |
|
|
|a KE8147
|
| 040 |
|
|
|a KEVKJB
|b slo
|c KEVKJB
|e AACR2
|
| 041 |
0 |
|
|a slo
|
| 044 |
|
|
|a xo
|c SK
|
| 080 |
|
|
|a 792
|2 1981
|
| 080 |
|
|
|a 929
|2 1981
|
| 100 |
0 |
|
|a lost
|4 aut
|9 879280
|
| 245 |
1 |
0 |
|a Otužilý barytonista
|b Mohol byť Martin Babiak slovenským premiérom ?
|
| 300 |
|
|
|b 1 foto
|
| 590 |
|
|
|a Babjak, Martin
|b operný spevák
|
| 600 |
1 |
7 |
|a Babjak, Martin,
|d 1960-
|2 KEVKJB
|9 9781
|
| 650 |
0 |
7 |
|a opera
|2 KEVKJB
|9 3212
|
| 650 |
0 |
7 |
|a hosťovanie
|2 KEVKJB
|9 347282
|
| 650 |
0 |
7 |
|a rozhovory profilové
|2 KEVKJB
|9 873258
|
| 651 |
|
7 |
|a KE,
|2 KEVKJB
|9 877256
|
| 655 |
|
7 |
|a periodikum
|2 snkbucl
|9 29553
|
| 700 |
1 |
0 |
|a Babjak, Martin,
|d 1960-
|4 aut
|9 9781
|
| 773 |
0 |
8 |
|t Košický večer
|g Roč. 9
|g Roč. 30, č.228, 26.11.1998, s. 4
|
| 852 |
|
|
|a ZVYKNI
|b KIS3GCP
|
| 999 |
|
|
|c 1405403
|d 1407333
|